000 00901nam a22001817a 4500
999 _c57730
_d57730
003 Ge_BSU
005 20201019130057.0
008 201019s2018 ge ||||| |||| 00| 0 geo d
041 _ageo
080 _a342.8(479.22)(094.4) ს-32
245 _aსაქართველოს ორგანული კანონი :
_bსაქართველოს საარჩევნო კოდექსი : (ცვლილებებითა და დამატებებით 2018 წლის 4 სექტემბრამდე) /
264 _aთბილისი :
_bბონა კაუზა,
_c2018.
300 _a315 გვ.
_b20 სმ.
490 _aიურისტის ბიბლიოთეკა
653 _aსაქართველოს საარჩევნო კოდექსი
653 _aსამართალი
942 _2udc
_cBK